Don't check your brains at the door / (Record no. 6034)
[ view plain ]
| 000 -LEADER | |
|---|---|
| fixed length control field | 00844cam a2200277 a 4500 |
| 001 - CONTROL NUMBER | |
| control field | 25047699 |
| 003 - CONTROL NUMBER IDENTIFIER | |
| control field | OCoLC |
| 005 - DATE AND TIME OF LATEST TRANSACTION | |
| control field | 20190111165728.0 |
| 008 - FIXED-LENGTH DATA ELEMENTS--GENERAL INFORMATION | |
| fixed length control field | 911127s1992 txua j 000 0 eng |
| 010 ## - LIBRARY OF CONGRESS CONTROL NUMBER | |
| LC control number | 91044765 /AC/r92 |
| 020 ## - INTERNATIONAL STANDARD BOOK NUMBER | |
| International Standard Book Number | 0849932343 : |
| 040 ## - CATALOGING SOURCE | |
| Original cataloging agency | DLC |
| Transcribing agency | DLC |
| 082 ## - DEWEY DECIMAL CLASSIFICATION NUMBER | |
| Classification number | 239 |
| Item number | M478d |
| 092 ## - LOCALLY ASSIGNED DEWEY CALL NUMBER (OCLC) | |
| Classification number | 239 |
| Item number | M138D |
| 100 1# - MAIN ENTRY--PERSONAL NAME | |
| Personal name | McDowell, Josh |
| 245 10 - TITLE STATEMENT | |
| Title | Don't check your brains at the door / |
| Statement of responsibility, etc. | Josh McDowell & Bob Hostetler |
| 260 ## - PUBLICATION, DISTRIBUTION, ETC. | |
| Place of publication, distribution, etc. | Dallas : |
| Name of publisher, distributor, etc. | Word Pub., |
| Date of publication, distribution, etc. | c1992 |
| 300 ## - PHYSICAL DESCRIPTION | |
| Extent | xiv, 194 p. : |
| Other physical details | ill. ; |
| Dimensions | 22 cm |
| 520 ## - SUMMARY, ETC. | |
| Summary, etc. | Examines common myths about God, religion, and life that contradict God's Word |
| 650 #0 - SUBJECT ADDED ENTRY--TOPICAL TERM | |
| Topical term or geographic name entry element | Youth |
| General subdivision | Religious life |
| 650 #0 - SUBJECT ADDED ENTRY--TOPICAL TERM | |
| Topical term or geographic name entry element | Witness bearing (Christianity) |
| 650 #0 - SUBJECT ADDED ENTRY--TOPICAL TERM | |
| Topical term or geographic name entry element | Apologetics |
| 700 1# - ADDED ENTRY--PERSONAL NAME | |
| Personal name | Hostetler, Bob, |
| Dates associated with a name | 1958- |
| 740 01 - ADDED ENTRY--UNCONTROLLED RELATED/ANALYTICAL TITLE | |
| Uncontrolled related/analytical title | Do not check your brains at the door |
| 942 ## - ADDED ENTRY ELEMENTS (KOHA) | |
| Source of classification or shelving scheme | Dewey Decimal Classification |
| Koha item type | Books |
| Withdrawn status | Lost status | Source of classification or shelving scheme | Damaged status | Not for loan | Collection code | Home library | Current library | Shelving location | Date acquired | Cost, normal purchase price | Total Checkouts | Full call number | Barcode | Date last seen | Price effective from | Koha item type |
|---|---|---|---|---|---|---|---|---|---|---|---|---|---|---|---|---|
| Dewey Decimal Classification | Non-fiction | Harvest Mission College | Harvest Mission College | General Stacks | 11.01.2019 | 250.00 | 239 M478d | 007037 | 11.01.2019 | 11.01.2019 | Books |
